Maat, joissa on korkein Covid-19-tiedot yhdessä päivässä - Statistics

Yleistilastot
  • Tätä visaa on pelattu 14 kertaa
  • Keskiarvotulos 13 / 21
Vastaustilastot
maa % Oikein
Ranska
100%
Saksa
100%
Espanja
91%
Italia
91%
Venäjä
91%
Yhdysvallat
91%
Kanada
82%
Brasilia
73%
Intia
73%
Ruotsi
73%
Turkki
64%
Yhdistynyt kuningaskunta
64%
Meksiko
45%
Pakistan
45%
Iran
36%
Saudi-Arabia
36%
Bangladesh
27%
Belgia
27%
Peru
27%
Chile
18%
Qatar
0%
Ehtoja vastaavia visoja ei löytynyt
Tulosjakauma
Jokaisen tuloksen saaneiden osuus
Persentiili vastausten määrän mukaan
Tuloshistoriasi
Et ole pelannut tätä visaa